MARC

LEADER 00000nam0a2200000 4500
001 356970
005 20231102010938.0
035 |a (RuTPU)RU\TPU\retro\14230 
090 |a 356970 
100 |a 20200724d1957 km y0rusy50 ca 
101 0 |a rus 
102 |a RU 
105 |a y z 010zb 
200 1 |a Мировоззрение Д. И. Менделеева  |f Г. А. Забродский 
210 |a Москва  |c Государственное изд-во политической литературы  |d 1957 
215 |a 200 с.  |c ил.  |e 1 л. Периодической системы 
300 |a К пятидесятилетию со дня смерти (1907-1957) 
600 1 |a Менделеев  |g Дмитрий Иванович  |b Д. И.  |c учёный-энциклопедист, химик, педагог  |f 1834-1907  |c член-корреспондент Петербургской АН  |2 stltpush  |3 (RuTPU)RU\TPU\pers\1367 
606 1 |a Естествознание  |x Философские проблемы  |2 stltpush  |3 (RuTPU)RU\TPU\subj\39118  |9 59321 
610 1 |a мировоззрение 
610 1 |a формирование 
610 1 |a социально-политические взгляды 
610 1 |a философские взгляды 
610 1 |a периодический закон Менделеева 
610 1 |a теоретико-познавательные значения 
610 1 |a философские воззрения 
610 1 |a эволюция 
610 1 |a экономические воззрения 
610 1 |a социологические воззрения 
686 |a Ю252:5  |v LBC/SL-A  |2 rubbk 
700 1 |a Забродский  |b Г. А.  |g Григорий Абрамович 
801 1 |a RU  |b 63413507  |c 20200724 
801 2 |a RU  |b 63413507  |c 20200910  |g RCR 
942 |c BK